Normal view MARC view

Entry Nombre personal

Number of records used in: 1

001 - NÚMERO DE CONTROL

  • campo de control: 32025

003 - IDENTIFICADOR DE NÚMERO DE CONTROL

  • campo de control: BJBSDDR

005 - FECHA Y HORA DE LA ÚLTIMA TRANSACCIÓN

  • campo de control: 20230824114213.0

008 - ELEMENTOS DE DATO DE LONGITUD-FIJA

  • campo de control de longitud fija: 230824|| aca||aabn | a|a d

040 ## - FUENTE DE CATALOGACIÓN

  • Centro catalogador/agencia de origen: BJBSDDR

100 1# - ENCABEZAMIENTO-NOMBRE DE PERSONA

  • Nombre de persona: Nabuco, Joaquim,
  • Fechas asociadas al nombre: 1849-1910

500 ## - TRAZADO DE VÉASE ADEMÁS--NOMBRE DE PERSONA

  • Nombre de persona: Nabuco de Araújo, Joaquim Aurélio Barreto,
  • Fechas asociadas al nombre: 1849-1910